Análisis estructural por el método matricial: conceptos y aplicaciones
Zapisane w:
| 1. autor: | |
|---|---|
| Format: | Książka |
| Wydane: |
San José, Costa Rica
2003
|
| Hasła przedmiotowe: | |
| Etykiety: |
Dodaj etykietę
Nie ma etykietki, Dołącz pierwszą etykiete!
|
MARC
| LEADER | 00000nam a22000007a 4500 | ||
|---|---|---|---|
| 003 | 009014 | ||
| 005 | 20221231143847.0 | ||
| 008 | 150216b2003 cr a|||| |||| 00| 0 s d | ||
| 040 | |c cru CEDI | ||
| 090 | |a TFG 4575 | ||
| 100 | |9 5 |a Chocano Dobles, Alfredo | ||
| 245 | |a Análisis estructural por el método matricial: conceptos y aplicaciones | ||
| 260 | |a San José, Costa Rica |c 2003 | ||
| 500 | |a Proyecto de graduación (licenciatura en Ingeniería Civil)--Universidad de Costa Rica. Facultad de Ingeniería. Escuela de Ingeniería Civil | ||
| 650 | |v METODOLOGIA |x ESFUERZO Y TENSION |x DEFORMACIONES (MECANICA) |x MATRICES (MATEMATICAS |x ESTABILIDAD DE ESTRUCTURAS |x ANALISIS ESTRUCTURAL (INGENIERIA) |9 25 | ||
| 942 | |c TFG | ||
| 999 | |c 13372 |d 13372 | ||
